International journal for lesson and learning studies

Bibliographic Details
Format: Electronic Journal
Language:English
Published: Bingley, England : Emerald Group Publishing, 2012-
Subjects:
Online Access:Full text available from Research Library: 01/01/2012 to 1 year ago

MARC

LEADER 00000nas a2200000 i 4500
001 ssj0001072719
003 WaSeSS
005 20200512172242.0
006 m d
007 cr n
008 131218c20129999enkt| p|s|||||| |0eng d
022 |a 2046-8261  |l 2046-8253  |y 2046-8253 
035 |a (WaSeSS)ssj0001072719 
040 |a WaSeSS  |b eng  |c WaSeSS  |d WaSeSS 
050 1 4 |a HC10 
222 0 |a International journal for lesson and learning studies  |b (Online) 
245 0 0 |a International journal for lesson and learning studies  |h [electronic resource]. 
260 |a Bingley, England :  |b Emerald Group Publishing,  |c 2012- 
310 |a Three times a year 
362 1 |a Began with Volume 1 (1) (2012). 
506 |a License restrictions may limit access. 
588 |a Description based on: Volume 1 (1) (2012); title from title screen (ProQuest, viewed Dec. 17, 2013). 
588 |a Latest issue consulted: Volume 2 (3) (2013) (viewed Dec. 17, 2013). 
650 0 |a Industries  |x Forecasting  |v Periodicals. 
650 0 |a Economic forecasting  |v Periodicals. 
655 0 |a Electronic journals. 
776 0 8 |i Print version:  |t International journal for lesson and learning studies  |x 2046-8253 
856 4 0 |z Full text available from Research Library: 01/01/2012 to 1 year ago  |u https://search.proquest.com/publication/1396353